000 00406nam a22001697a 4500
005 20180813130626.0
008 160623b xxu||||| |||| 00| 0 eng d
020 _a0-19-508710-0
041 _aeng
082 _b9261
_a658.46
100 _aBowman, Edward and others
_92534
245 _aRedesigning the firm
260 _aOxford university
300 _a240p,
650 _aManagement
_9241
942 _cBK
999 _c3606
_d3605